000 01036cam a22003257a 4500
003 CHAP
005 20220329134334.0
008 971013s1982 r 00010 d
010 _a19007
011 _a19979
035 _a24066
040 _cCHAP
082 _a530
_bD53
100 0 0 _aDíaz Díaz, J. L.
_933451
245 1 3 _aLa física en problemas
_b: las magnitudes físicas
260 _aMadrid :
_bAlhambra,
_c1982
300 _a379 p.
_b: ilus. ; gráfs.
590 _aBATCH-UPD
_b10
_c20130110
_lUCH01
_h0000
590 _aBATCH-UPD
_b10
_c20130110
_lUCH01
_h2229
590 _aBATCH-UPD
_b10
_c20130409
_lUCH01
_h1934
590 _aBATCH-UPD
_b10
_c20130410
_lUCH01
_h1525
590 _aBATCH-UPD
_b10
_c20130914
_lUCH01
_h1217
590 _aCONVERSION
_b10
_c20130109
_lUCH01
_h1312
650 1 4 _aFísica
_xMedidas.
_941990
700 0 _aJiménez Moreno. J. M.
_961611
700 0 _aLópez Rodríguez, M.
_968292
901 _aBK
942 _cLIBRO
949 _a530 D53
_bBC
_cLIBRO
_d33724000909248
_eLIBRO
_gI.126217
_h65564
_i24066
_si
999 _c19007
_d19007